Statistics for Formula 1 Constructor Race Wins

Click here to take the quiz!

General Stats

  • This quiz has been taken 54 times
  • The average score is 23 of 38

Answer Stats

WinsConstructorCountry% Correct
242FerrariItaly
100%
93Red BullAustria
100%
183McLarenUnited Kingdom
98%
125MercedesGermany
98%
114WilliamsUnited Kingdom
96%
35RenaultFrance
94%
2Lotus F1United Kingdom
85%
79Team LotusUnited Kingdom
85%
27BenettonUnited Kingdom
83%
10Alfa RomeoItaly
81%
1AlphaTauriItaly
79%
1AlpineFrance
79%
3HondaJapan
77%
1Toro RossoItaly
72%
1BMW SauberGermany
70%
1Racing PointUnited Kingdom
68%
23TyrrellUnited Kingdom
68%
9VanwallUnited Kingdom
68%
4JordanIreland
66%
8BrawnUnited Kingdom
64%
17BRMUnited Kingdom
64%
9MaseratiItaly
64%
9MatraFrance
64%
1PorscheGermany
64%
35BrabhamUnited Kingdom
62%
16CooperUnited Kingdom
62%
9LigierFrance
49%
1StewartUnited Kingdom
45%
1HeskethUnited Kingdom
36%
3MarchUnited Kingdom
36%
3WolfCanada
34%
1PenskeUnited States
32%
1EagleUnited States
26%
1ShadowUnited Kingdom
23%
5Kurtis KraftUnited States
15%
1KuzmaUnited States
13%
2EpperlyUnited States
9%
3WatsonUnited States
6%

Score Distribution

Percentile by Number Answered

Percent of People with Each Score

Your Score History

You have not taken this quiz